=LDR 00000nam 2200000 4500 =001 INLIS000000000011194 =005 20130612102801 =008 ***********************************Ind** =035 ##$$0010-061300000011194 =041 ##$$a Ind =082 ##$$a 510.7 =090 ##$$a 510.7, Sud m =100 ##$$a Sudarto =245 ##$$a Matematika 3a, Pendidikan Dasar 9 thn. untuk SLTP kelas 3 =260 ##$$a 1996 $b Surakarta =300 ##$$a VI-204 hlm., ilus, 28 cm =850 ##$$a NBPNMAT